| 000 | 00721nam a22001697a 4500 | ||
|---|---|---|---|
| 008 | 110810t1975 xxu||||g |||| 000 0 ara d | ||
| 082 |
_222 _a121 _bه ى د |
||
| 100 |
_926618 _aهيدجر،مارتن |
||
| 245 |
_aنداء الحقيقة/ _cمارتن هيدجر؛ترجمة و تقديم و دراسة عبد الغفار مكارى |
||
| 260 |
_aالقاهرة: _bدار الثقافة،1977. _c1977. |
||
| 300 |
_a416ص، _c24سم. |
||
| 490 |
_926625 _a؛سلسة النصوص الفلسفية _p9. |
||
| 650 |
_926621 _aالحقيقة (فلسفة ) |
||
| 653 |
_bGeneral _cAugust2011 |
||
| 942 |
_2ddc _cBB |
||
| 999 |
_c15799 _d15799 |
||